| 000 | 00405nam a22001697a 4500 | ||
|---|---|---|---|
| 003 | SGT | ||
| 020 | _a9789354661389 | ||
| 082 |
_a611 _bM23M |
||
| 100 | _aMADHYASTHA, SAMPATH | ||
| 245 | _aMANIPAL MANUAL OF CLINICAL ANATOMY | ||
| 250 | _a2ND | ||
| 260 |
_aINDIA _bCBS PUB _c2023 |
||
| 300 | _a230,415 | ||
| 650 | _aHUMAN ANATOMY | ||
| 653 | _aMANIPAL MANUAL OF CLINICAL ANATOMY | ||
| 942 |
_2ddc _cBK |
||
| 999 |
_c24959 _d24959 |
||